00383nam a22001577a 4500003000700000005001700007008004100024082002700065100001100092245001600103250001100119260003700130300000800167490003300175650001700208MPLRDC20220104113639.0210129b ||||| |||| 00| 0 eng d a857.621 NK-15 v.27 c.2 a倪匡 a无名发c a三版 ab远景出版事业公司c1983 b平 a倪匡科幻小说全集. 27 a科幻小说